000 01170nam a22003257a 4500
001 963
005 20250516140435.0
020 _a0679894578 (trade)
020 _a0679994572 (lib. ed.)
040 _aDLC
_cDLC
_dDLC
_beng
050 0 0 _aPZ7.R8139
_bIn 1999
082 0 0 _a813.54
_221
100 1 _aRoy, Ron
_d1940-
245 1 4 _aThe invisible island /
_cby Ron Roy ; illustrated by John Steven Gurney
250 _aFirst Scholastic printing, October 2001.
260 _aNew York :
_bScholasic,
_c2001.
300 _a87 pages :
_billustrations ;
_c20 cm.
490 1 _aA to Z mysteries
500 _a"A Stepping Stone book."
505 _aO
520 _aWhile picnicking on Squaw Island, Dink, Josh, and Ruth Rose find a hundred dollar bill, and when they return to explore further they find an entire cave full of money.
521 0 _a610
_bLexile
521 0 _aO
_bRaz-Plus
650 1 _aIslands
_vFiction.
650 1 _aCounterfeits and counterfeiting
_vFiction.
650 1 _aMystery and detective stories.
700 1 _aGurney, John Steven,
_d1962-
_eillustrator
906 _a7
_bcbc
_corignew
_d1
_eocip
_f19
_gy-gencatlg
942 _2ddc
_cBK
_n0
999 _c963
_d963